Central Library OPAC University of Rajshahi

A survey of North West Africa (the Maghrib) (Record no. 71808)

MARC details
000 -LEADER
fixed length control field 00975cam a2200361I 4500
001 - CONTROL NUMBER
control field 71808
003 - CONTROL NUMBER IDENTIFIER
rucl marc code BD-RjUL
005 - DATE AND TIME OF LATEST TRANSACTION
control field 20211209082150.0
008 - FIXED-LENGTH DATA ELEMENTS--GENERAL INFORMATION
fixed length control field 190303s1962 enkbd b 000 0 eng
035 ## - SYSTEM CONTROL NUMBER
System control number MITb10455394
System control number (BD-RjUL)72024
System control number GLIS00455394
040 ## - CATALOGING SOURCE
Original cataloging agency DLC
Transcribing agency WSU
Modifying agency SER
-- OCL
Language of cataloging eng
041 ## - LANGUAGE CODE
Language code of text/sound track or separate title eng
049 ## - LOCAL HOLDINGS (OCLC)
Holding library MYGG
082 ## - DEWEY DECIMAL CLASSIFICATION NUMBER
Edition number 23
Classification number 966
Author mark and year SUR 1962
090 ## - LOCALLY ASSIGNED LC-TYPE CALL NUMBER (OCLC); LOCAL CALL NUMBER (OCLC)
Classification number (OCLC) (R) ; Classification number, CALL (RLIN) (NR) DT185
Local cutter number (OCLC) ; Book number/undivided call number, CALL (RLIN) .B239
099 ## - LOCAL FREE-TEXT CALL NUMBER (OCLC)
Bangla Class number DT185.B239
100 1# - MAIN ENTRY--PERSONAL NAME
Personal name Barbour, Nevill,
Dates associated with a name 1895-
9 (RLIN) 228821
245 12 - TITLE STATEMENT
Title A survey of North West Africa (the Maghrib)
250 ## - EDITION STATEMENT
Edition statement 2d ed.
260 ## - PUBLICATION, DISTRIBUTION, ETC. (IMPRINT)
Place of publication, distribution, etc. London ;
-- New York :
Name of publisher, distributor, etc. Oxford University Press,
Date of publication, distribution, etc. 1962.
300 ## - PHYSICAL DESCRIPTION
Pagination xi, 411 p. :
Illustrations maps (1 fold.) chart. ;
Size 23 cm.
504 ## - BIBLIOGRAPHY, ETC. NOTE
Bibliography, etc Bibliography: p. 387-397.
651 #0 - SUBJECT ADDED ENTRY--GEOGRAPHIC NAME
Geographic name Africa, North.
9 (RLIN) 228822
910 ## - USER-OPTION DATA (OCLC)
User-option data OCLC
942 ## - ADDED ENTRY ELEMENTS (KOHA)
Source of classification or shelving scheme Dewey Decimal Classification
Koha item type Books
949 ## - LOCAL PROCESSING INFORMATION (OCLC)
a MYGD
Holdings
Lost status Source of classification or shelving scheme Damaged status Not for loan Collection code Permanent Location Current Location Shelving location Date acquired Source of acquisition Cost, normal purchase price Total Checkouts Full call number Date last seen Copy number Koha item type
  Dewey Decimal Classification   Not For Loan Non-fiction Central Library, University of Rajshahi Central Library, University of Rajshahi Reading Room 24/02/1964 zeitlinger 42.00   966 SUR 1962 03/03/2019 C-1 Books